| 000 | 01006nam0a22002891 4500 | ||
|---|---|---|---|
| 001 | rc\2282566 | ||
| 005 | 20110829191739.7 | ||
| 035 | _a(NLR Aleph) 006561693 | ||
| 090 |
_a6850406 _c6850406 |
||
| 100 | _a20110829d1977 |||y0rusy50 ca | ||
| 101 | 0 | _arus | |
| 102 | _aRU | ||
| 105 | _aa z ||||| | ||
| 200 | 1 |
_aТехнология машиностроения _e[Учеб. пособие для машиностроит. специальностей вузов] _fК.С. Колев |
|
| 210 |
_aМосква _cВысш. школа _d1977 |
||
| 215 |
_a255 с. _cил. _d22 |
||
| 320 | _aСписок лит.: с. 246 | ||
| 606 |
_aМашиностроение _jУчебники и пособия _2psbo |
||
| 686 |
_aК5я73-1 _2rubbk |
||
| 700 | 1 |
_aКолев _bК. С. _gКонстантин Степанович |
|
| 801 | 0 |
_aRU _bNLR _gpsbo |
|
| 801 | 1 |
_aRU _bELAR _2rusmarc |
|
| 852 |
_aNLR _j77-5/1736 |
||
| 899 |
_aRuMoRGB _jБ 77-7/345 |
||
| 899 |
_aRuMoRGB _jБ 77-7/346 |
||
| 942 | _cBOOK | ||
| 980 | _aNB | ||